000 00291nam a2200133Ia 4500
100 _aLindsey/ F.R.
650 _aFitter
942 _cBK
654 _aPipe fitters
245 _aPipe fitters hand book
260 _bIndustrial Press
_aNew York
_c1967
082 _a696.2
546 _aENGLISH
999 _c26170
_d26170